Statistics for CONCACAF Gold Cup top 4 and host country

Click here to take the quiz!

General Stats

  • This quiz has been taken 181 times
  • The average score is 15 of 19

Answer Stats

Answer% Correct
Canada
99%
United States
99%
Mexico
98%
Panama
97%
Costa Rica
96%
Honduras
96%
Haiti
93%
Jamaica
93%
El Salvador
91%
Trinidad and Tobago
90%
Cuba
89%
Guatemala
87%
Brazil
72%
Colombia
65%
Qatar
60%
Peru
54%
South Korea
36%
Guadeloupe
29%
Netherlands Antilles
21%

Score Distribution

Percentile by Number Answered

Percent of People with Each Score

Your Score History

You have not taken this quiz